Business leaders who changed the world (Record no. 296172)

MARC details
000 -LEADER
fixed length control field 00454nam a2200181Ia 4500
003 - CONTROL NUMBER IDENTIFIER
control field OSt
005 - DATE AND TIME OF LATEST TRANSACTION
control field 20250110150623.0
008 - FIXED-LENGTH DATA ELEMENTS--GENERAL INFORMATION
fixed length control field 240404s9999 xx 000 0 und d
020 ## - INTERNATIONAL STANDARD BOOK NUMBER
International Standard Book Number 9788184950977
040 ## - CATALOGING SOURCE
Transcribing agency 0
041 ## - LANGUAGE CODE
Language code of text/sound track or separate title English
082 ## - DEWEY DECIMAL CLASSIFICATION NUMBER
Classification number 338.709 DRE;2  R1
100 ## - MAIN ENTRY--PERSONAL NAME
Personal name Drexler, Kateri.
245 #0 - TITLE STATEMENT
Title Business leaders who changed the world
260 ## - PUBLICATION, DISTRIBUTION, ETC.
Date of publication, distribution, etc. 2010
Name of publisher, distributor, etc. Jaico Publishing House
Place of publication, distribution, etc. Ahmedadad
300 ## - PHYSICAL DESCRIPTION
Extent x, 248
942 ## - ADDED ENTRY ELEMENTS (KOHA)
Koha item type Reference Books
Source of classification or shelving scheme Dewey Decimal Classification
Holdings
Date last seen Total checkouts Full call number Accession number Date last checked out Price effective from Category Lost status Source of classification or shelving scheme Damaged status Withdrawn status Home library Current library Shelving location Entry date Grants Currency symbol Conversion rate Discount PO number
25/11/2025 1 338.709 DRE;2  R1 93943 19/11/2025 04/04/2024 Books   Dewey Decimal Classification     Central Library RFID Kiosk   23/02/2024 DONATED RS 1   NULL

© For any Suggestions or Query, please contact the library staff @ librarian@pes.edu or Phone: +9180 2672 1983/ 2108.